Surimi and surimi seafood
Bewaard in:
| Hoofdauteur: | |
|---|---|
| Formaat: | Boek |
| Taal: | Undetermined |
| Gepubliceerd in: |
London
Taylor & Francis
2005
|
| Onderwerpen: | |
| Tags: |
Voeg label toe
Geen labels, Wees de eerste die dit record labelt!
|
| Thư viện lưu trữ: | Trung tâm Học liệu Trường Đại học Cần Thơ |
|---|
| LEADER | 00493nam a2200193Ia 4500 | ||
|---|---|---|---|
| 001 | CTU_100047 | ||
| 008 | 210402s9999 xx 000 0 und d | ||
| 020 | |c 2668000 | ||
| 082 | |a 644.94 | ||
| 082 | |b P236 | ||
| 100 | |a Park, Jae W. | ||
| 245 | 0 | |a Surimi and surimi seafood | |
| 245 | 0 | |c Jae W. Park | |
| 260 | |a London | ||
| 260 | |b Taylor & Francis | ||
| 260 | |c 2005 | ||
| 650 | |a Surimi,Fishery processing | ||
| 904 | |i Giang | ||
| 980 | |a Trung tâm Học liệu Trường Đại học Cần Thơ | ||